Phương pháp phần tử hữu hạn

Shranjeno v:
Bibliografske podrobnosti
Glavni avtor: Hồ Anh Tuấn
Drugi avtorji: Trần Bình
Format: Knjiga
Jezik:Vietnamese
Izdano: H. Khoa học kỹ thuật 1978
Oznake: Označite
Brez oznak, prvi označite!
Thư viện lưu trữ: Mạng thư viện Đại học Đà Nẵng
LEADER 00929nam a2200289 4500
001 000013310
003 9650
005 20120313150300.0
008 120313s1978 viesd
041 0 |a vie 
082 |a 515  |b HÔ-T 
100 0 |a Hồ Anh Tuấn 
245 0 |a Phương pháp phần tử hữu hạn  |c Hồ Anh Tuấn, Trần Bình 
260 |a H.  |b Khoa học kỹ thuật  |c 1978 
300 |a 296 tr  |c 24 cm 
700 |a Hồ Anh Tuấn 
700 |a Trần Bình 
OWN |a LSP 
AVA |a UDN50  |b LSP  |d 515 HÔ-T  |e available  |t Error 5001 Not defined in file expand_doc_bib_avail.  |f 1  |g 0  |h N  |i 0  |k 1 
999 |a From the UDN01 
AVA |a UDN50  |b LSP  |d 515 HÔ-T  |e available  |t Error 5001 Not defined in file expand_doc_bib_avail.  |f 1  |g 0  |h N  |i 0  |k 1 
TYP |a Monograph 
TYP |a Printed language 
980 |a Mạng thư viện Đại học Đà Nẵng